[Event "Karelia-ch"]
[Site "Petrozavodsk"]
[Date "2014.02.18"]
[Round "1"]
[White "Ermakov, Evgeny S"]
[Black "Yakkimaienen, Vjaino"]
[Result "1-0"]
[WhiteElo "2046"]
[BlackElo "2147"]
[PlyCount "47"]
[EventDate "2014.02.18"]
[EventType "swiss"]
[EventRounds "9"]
[EventCountry "RUS"]
[SourceTitle "EXT 2016"]
[Source "ChessBase"]
[SourceDate "2015.10.08"]
[SourceVersion "1"]
[SourceVersionDate "2015.10.08"]
[SourceQuality "1"]

1. d4 Nf6 2. Nf3 g6 3. c4 Bg7 4. Nc3 d5 5. cxd5 Nxd5 6. e4 Nxc3 7. bxc3 c5 8. Bb5+ Nc6 9. 0-0 0-0 10. d5 Na5 11. Qc2 c4 12. Qb2 f5 13. Nd4 f4 14. Qb4 f3 15. Nxf3 Rxf3 16. gxf3 Bh3 17. Be3 b6 18. Rfd1 Qf8 19. f4 Be5 20. d6 exd6 21. Bxc4+ Nxc4 22. Qxc4+ Kh8 23. Qd3 Rc8 24. Bd2 1-0

[Event "Karelian Autumn"]
[Site "Petrozavodsk"]
[Date "2012.10.20"]
[Round "9"]
[White "Burdukov, Albert G"]
[Black "Ermakov, Evgeny S"]
[Result "1/2-1/2"]
[WhiteElo "1865"]
[BlackElo "1957"]
[PlyCount "60"]
[EventDate "2012.10.14"]
[EventType "swiss"]
[EventRounds "9"]
[EventCountry "RUS"]
[SourceTitle "EXT 2013"]
[Source "ChessBase"]
[SourceDate "2012.11.22"]
[SourceVersion "1"]
[SourceVersionDate "2012.11.22"]
[SourceQuality "1"]

1. d4 Nf6 2. c4 e6 3. Nc3 Bb4 4. Qc2 c5 5. Nf3 cxd4 6. Nxd4 Nc6 7. e3 Bxc3+ 8. bxc3 0-0 9. Bd3 Ne5 10. Be2 Qc7 11. Ba3 Nxc4 12. Bxc4 Qxc4 13. Bxf8 Kxf8 14. Qb3 Qa6 15. Qb5 Qa3 16. Qb4+ Qxb4 17. cxb4 Nd5 18. a3 a5 19. b5 a4 20. Kd2 e5 21. Nf3 d6 22. Rhe1 Bd7 23. Rab1 Ra5 24. e4 Nf4 25. g3 Ne6 26. Kc3 Rxb5 27. Rxb5 Bxb5 28. Kc2 Ke7 29. Kd2 Bc6 30. Ke3 Nc5 1/2-1/2

[Event "Karelian Autumn"]
[Site "Petrozavodsk"]
[Date "2012.10.16"]
[Round "5"]
[White "Ermakov, Evgeny S"]
[Black "Velikodvorskaya, Regina"]
[Result "1-0"]
[WhiteElo "1957"]
[BlackElo "1703"]
[PlyCount "77"]
[EventDate "2012.10.14"]
[EventType "swiss"]
[EventRounds "9"]
[EventCountry "RUS"]
[SourceTitle "EXT 2013"]
[Source "ChessBase"]
[SourceDate "2012.11.22"]
[SourceVersion "1"]
[SourceVersionDate "2012.11.22"]
[SourceQuality "1"]

1. d4 g6 2. c4 d6 3. Nc3 Bg7 4. e4 Nc6 5. Be3 e5 6. d5 Nce7 7. Qd2 f5 8. f3 f4 9. Bf2 g5 10. c5 Nf6 11. 0-0-0 Ng6 12. Kb1 h5 13. cxd6 cxd6 14. Rc1 a6 15. Na4 Nd7 16. b3 b5 17. Nb2 0-0 18. Qb4 Rf6 19. Bd3 Bf8 20. Ne2 Rb8 21. Rc2 a5 22. Qd2 a4 23. Rhc1 Ba6 24. Nc3 Nc5 25. b4 Nb3 26. Qe2 Nxc1 27. Rxc1 Rf7 28. Qf1 Qd7 29. Be2 Be7 30. Rc2 Bd8 31. Qg1 Qb7 32. Ncd1 Rc7 33. Nc3 Rcc8 34. g3 Kh7 35. Bf1 Bb6 36. Bh3 Bxf2 37. Qxf2 Qc7 38. Bf5 Qb6 39. Qg2 1-0

[Event "Karelia-ch 65th"]
[Site "Kondopoga"]
[Date "2012.02.26"]
[Round "9"]
[White "Ermakov, Evgeny S"]
[Black "Sharshutin, Sergey"]
[Result "0-1"]
[WhiteElo "1945"]
[BlackElo "2028"]
[PlyCount "64"]
[EventDate "2012.02.21"]
[EventType "swiss"]
[EventRounds "9"]
[EventCountry "RUS"]
[SourceTitle "EXT 2013"]
[Source "ChessBase"]
[SourceDate "2012.11.22"]
[SourceVersion "1"]
[SourceVersionDate "2012.11.22"]
[SourceQuality "1"]

1. d4 Nf6 2. c4 g6 3. Nc3 Bg7 4. e4 d6 5. Be2 0-0 6. Nf3 e5 7. 0-0 Nbd7 8. d5 Nc5 9. Qc2 a5 10. b3 Nh5 11. g3 f5 12. Nd2 Nf6 13. Ba3 b6 14. b4 axb4 15. Bxb4 Nfxe4 16. Ndxe4 Nxe4 17. Nxe4 fxe4 18. a4 Bh6 19. a5 Bh3 20. Rfe1 Qf6 21. Bf1 e3 22. f3 Qxf3 23. Bxh3 Qf2+ 24. Qxf2 exf2+ 25. Kg2 fxe1Q 26. Bxe1 bxa5 27. Rxa5 Be3 28. Be6+ Kg7 29. h4 Rxa5 30. Bxa5 Rf2+ 31. Kh3 Bb6 32. Bb4 Rc2 0-1

[Event "Karelia-ch 65th"]
[Site "Kondopoga"]
[Date "2012.02.23"]
[Round "5"]
[White "Ermakov, Evgeny S"]
[Black "Gudkov, Gennady"]
[Result "1-0"]
[WhiteElo "1945"]
[BlackElo "2220"]
[PlyCount "104"]
[EventDate "2012.02.21"]
[EventType "swiss"]
[EventRounds "9"]
[EventCountry "RUS"]
[SourceTitle "EXT 2013"]
[Source "ChessBase"]
[SourceDate "2012.11.22"]
[SourceVersion "1"]
[SourceVersionDate "2012.11.22"]
[SourceQuality "1"]

1. d4 d5 2. Nf3 Nf6 3. c4 c6 4. Nc3 dxc4 5. a4 Bf5 6. e3 e6 7. Bxc4 Bb4 8. 0-0 0-0 9. Qb3 Qe7 10. Nh4 Bg4 11. f3 Bh5 12. g3 c5 13. d5 exd5 14. Nxd5 Nxd5 15. Bxd5 Nc6 16. Bxc6 bxc6 17. e4 Rab8 18. Bf4 Rb7 19. Nf5 Qe6 20. Qxe6 fxe6 21. Nh4 c4 22. Be3 Be7 23. g4 Be8 24. Ng2 Bf6 25. Rac1 Bxb2 26. Rxc4 a6 27. Bc5 Rff7 28. Ne3 Rfd7 29. Rc2 Be5 30. a5 Rb5 31. Bb6 Rd3 32. Nc4 Bf4 33. Kg2 Rbb3 34. Nb2 Rdc3 35. Rff2 h5 36. h3 h4 37. Bd4 Rxc2 38. Rxc2 Bd6 39. Nc4 Bb4 40. Bf2 Be7 41. Ne5 c5 42. Bxc5 Bxc5 43. Rxc5 Rb2+ 44. Kg1 Bb5 45. g5 Kh7 46. Rc8 Rb1+ 47. Kf2 Rb2+ 48. Ke3 Rb3+ 49. Kf4 g6 50. Rc7+ Kg8 51. Nxg6 Bf1 52. Kg4 Be2 1-0

[Event "Karelia-ch"]
[Site "Petrozavodsk"]
[Date "2011.02.24"]
[Round "4"]
[White "Bogdanov, Maxim"]
[Black "Ermakov, Evgeny S"]
[Result "0-1"]
[WhiteElo "1907"]
[BlackElo "2003"]
[PlyCount "86"]
[EventDate "2011.02.22"]
[EventType "swiss"]
[EventRounds "9"]
[EventCountry "RUS"]
[SourceTitle "CBM 141 Extra"]
[Source "ChessBase"]
[SourceDate "2011.05.03"]
[SourceVersion "1"]
[SourceVersionDate "2011.05.03"]
[SourceQuality "1"]

1. e4 c5 2. Nf3 d6 3. d4 cxd4 4. Nxd4 Nf6 5. Nc3 a6 6. h3 Nc6 7. g4 Qb6 8. Nb3 e6 9. g5 Nd7 10. Be3 Qc7 11. f4 b5 12. Qd2 b4 13. Ne2 a5 14. 0-0-0 a4 15. Nbd4 b3 16. axb3 axb3 17. Nxb3 Nc5 18. Bxc5 dxc5 19. Nc3 Nd4 20. Nxd4 Ra1+ 21. Nb1 cxd4 22. Bb5+ Bd7 23. Bxd7+ Qxd7 24. Qxd4 Qc7 25. Rhf1 h6 26. Rd3 hxg5 27. Rc3 Qb8 28. fxg5 Bd6 29. Qf2 0-0 30. Rb3 Qa8 31. Qe1 Qa6 32. Kd2 Qa5+ 33. c3 Qxg5+ 34. Qe3 Qg2+ 35. Qe2 Qxh3 36. Kc2 Be5 37. c4 Qh4 38. Nd2 Rxf1 39. Qxf1 Rd8 40. Rd3 Rb8 41. b3 Ra8 42. Rd7 Ra2+ 43. Kb1 Ra1+ 0-1

[Event "Karelia-ch"]
[Site "Petrozavodsk"]
[Date "2011.02.23"]
[Round "3"]
[White "Ermakov, Evgeny S"]
[Black "Gubaidullin, Mannifanzil"]
[Result "0-1"]
[WhiteElo "2003"]
[BlackElo "1800"]
[PlyCount "119"]
[EventDate "2011.02.22"]
[EventType "swiss"]
[EventRounds "9"]
[EventCountry "RUS"]
[SourceTitle "CBM 141 Extra"]
[Source "ChessBase"]
[SourceDate "2011.05.03"]
[SourceVersion "1"]
[SourceVersionDate "2011.05.03"]
[SourceQuality "1"]

1. d4 Nf6 2. c4 g6 3. Nc3 Bg7 4. e4 d6 5. Be2 0-0 6. Bg5 h6 7. Be3 Na6 8. Nf3 c5 9. d5 Nc7 10. h3 a6 11. a4 Kh7 12. a5 Rb8 13. Qb3 Bd7 14. 0-0 Qc8 15. Rfe1 b5 16. axb6 Na8 17. e5 Rxb6 18. Qa3 Ne8 19. Bf4 Qb8 20. exd6 exd6 21. Ra2 Nac7 22. Nd2 Qc8 23. Qa5 Qb7 24. b3 f5 25. Bd1 Rb4 26. Re7 Qc8 27. Nf3 Qd8 28. Rae2 Kh8 29. Qa1 Bf6 30. Rxd7 Qxd7 31. Bxh6 Rf7 32. Bg5 Qd8 33. h4 Ng7 34. Qc1 Rb7 35. Bxf6 Qxf6 36. Ng5 Re7 37. Rxe7 Qxe7 38. Qd2 Nce8 39. Ne2 Nh5 40. Ne6 Qf6 41. N2f4 Nxf4 42. Qxf4 Re7 43. Bf3 Kg8 44. h5 g5 45. Nxg5 Re1+ 46. Kh2 Qe5 47. Kh3 Rb1 48. Qxe5 dxe5 49. Ne6 Rxb3 50. Nxc5 Ra3 51. Kh4 Nd6 52. Nxa6 Rxa6 53. c5 Kf7 54. g4 e4 55. Bg2 Ra2 56. gxf5 Rxf2 57. Kg3 e3 58. Be4 Kg7 59. cxd6 Kf6 60. d7 0-1

[Event "Karelia-ch 63rd"]
[Site "Petrozavodsk"]
[Date "2010.02.24"]
[Round "7"]
[White "Makarov, Pavel"]
[Black "Ermakov, Evgeny S"]
[Result "1-0"]
[WhiteElo "2009"]
[BlackElo "2012"]
[PlyCount "65"]
[EventDate "2010.02.20"]
[EventType "swiss"]
[EventRounds "9"]
[EventCountry "RUS"]
[SourceTitle "CBM 135 Extra"]
[Source "ChessBase"]
[SourceDate "2010.05.04"]
[SourceVersion "1"]
[SourceVersionDate "2010.05.04"]
[SourceQuality "1"]

1. d4 Nf6 2. Nf3 e6 3. e3 b6 4. Bd3 Bb7 5. 0-0 c5 6. b3 Be7 7. Bb2 Nc6 8. a3 0-0 9. Nbd2 d6 10. c4 Qc7 11. Qc2 h6 12. Rad1 Rfe8 13. Rfe1 Rad8 14. Nf1 Qb8 15. Ng3 Qa8 16. d5 exd5 17. cxd5 Ne5 18. Nxe5 dxe5 19. e4 Nd7 20. Nf5 Bf8 21. Qd2 a6 22. Re3 g6 23. Rg3 Kh7 24. Nxh6 f6 25. Rh3 Kg7 26. Ng4 Kf7 27. Rh7+ Bg7 28. Rxg7+ Kxg7 29. Qh6+ Kf7 30. Qh7+ Kf8 31. Nh6 Bxd5 32. exd5 Qxd5 33. Bf1 1-0

[Event "Karelia-ch 63rd"]
[Site "Petrozavodsk"]
[Date "2010.02.23"]
[Round "6"]
[White "Ermakov, Evgeny S"]
[Black "Zhukov, Daniil"]
[Result "1-0"]
[WhiteElo "2012"]
[BlackElo "1942"]
[PlyCount "69"]
[EventDate "2010.02.20"]
[EventType "swiss"]
[EventRounds "9"]
[EventCountry "RUS"]
[SourceTitle "CBM 135 Extra"]
[Source "ChessBase"]
[SourceDate "2010.05.04"]
[SourceVersion "1"]
[SourceVersionDate "2010.05.04"]
[SourceQuality "1"]

1. d4 Nf6 2. c4 g6 3. Nc3 Bg7 4. e4 d6 5. Be2 0-0 6. Bg5 c5 7. d5 a6 8. Nf3 Qa5 9. Nd2 e6 10. 0-0 exd5 11. exd5 Nbd7 12. Re1 Qc7 13. Qb3 Re8 14. h3 Rb8 15. a4 b6 16. Bf1 h6 17. Bf4 Ne5 18. Bh2 g5 19. Re3 Bd7 20. Rae1 Kh8 21. Qc2 Ng6 22. Rxe8+ Rxe8 23. Rxe8+ Nxe8 24. Bd3 Ne5 25. Bf5 Bxf5 26. Qxf5 Qe7 27. Nce4 Ng6 28. b3 Be5 29. Bxe5+ Nxe5 30. Qc8 Kg7 31. Ng3 Kf8 32. Nf5 Qf6 33. Ne4 Qg6 34. Nexd6 f6 35. Qd8 1-0

[Event "Karelia-ch 63rd"]
[Site "Petrozavodsk"]
[Date "2010.02.22"]
[Round "4"]
[White "Ermakov, Evgeny S"]
[Black "Radkov, Bazhen D"]
[Result "1/2-1/2"]
[WhiteElo "2012"]
[BlackElo "1930"]
[PlyCount "61"]
[EventDate "2010.02.20"]
[EventType "swiss"]
[EventRounds "9"]
[EventCountry "RUS"]
[SourceTitle "CBM 135 Extra"]
[Source "ChessBase"]
[SourceDate "2010.05.04"]
[SourceVersion "1"]
[SourceVersionDate "2010.05.04"]
[SourceQuality "1"]

1. d4 Nf6 2. c4 e6 3. Nf3 b6 4. Nc3 Bb7 5. Bg5 Be7 6. e3 d5 7. cxd5 exd5 8. Bb5+ c6 9. Bd3 0-0 10. 0-0 Nbd7 11. Qa4 Qc7 12. Rac1 a6 13. Qc2 h6 14. Bh4 c5 15. Rfd1 Bd6 16. Bf5 c4 17. Bxd7 Nxd7 18. Qf5 Qc6 19. Bg3 Bxg3 20. hxg3 b5 21. a3 a5 22. Na2 Rfe8 23. Qc2 Rac8 24. Qd2 Qb6 25. Ne1 Nf6 26. f3 Qc7 27. Qf2 Qe7 28. Nc2 Rc6 29. Re1 Re6 30. Qd2 Qc7 31. Qf2 1/2-1/2

[Event "Karelia-ch 62nd"]
[Site "Petrozavodsk"]
[Date "2009.02.23"]
[Round "5"]
[White "Ermakov, Evgeny S"]
[Black "Klimshin, Vladislav"]
[Result "1-0"]
[WhiteElo "1967"]
[BlackElo "1869"]
[PlyCount "50"]
[EventDate "2009.02.21"]
[EventType "swiss"]
[EventRounds "9"]
[EventCountry "RUS"]
[SourceTitle "CBM 129 Extra"]
[Source "ChessBase"]
[SourceDate "2009.05.05"]
[SourceVersion "2"]
[SourceVersionDate "2009.05.20"]
[SourceQuality "1"]

1. d4 Nf6 2. c4 e6 3. Nf3 b6 4. g3 Bb7 5. Bg2 Be7 6. 0-0 0-0 7. d5 exd5 8. Nh4 Ne4 9. cxd5 f5 10. Nf3 Na6 11. Nc3 Nac5 12. Nd4 Nxc3 13. bxc3 Ne4 14. c4 Bf6 15. Ba3 Re8 16. Rc1 g6 17. f3 c5 18. Nxf5 Nc3 19. Rxc3 Bxc3 20. Nd6 Bd4+ 21. Kh1 Re3 22. Bc1 Rc3 23. Bb2 Re3 24. Bxd4 cxd4 25. Nxb7 d6 1-0

[Event "Karelia-ch"]
[Site "Petrozavodsk"]
[Date "2007.02.27"]
[Round "1"]
[White "Ermakov, Evgeny S"]
[Black "Toivonen, Alexander"]
[Result "0-1"]
[WhiteElo "2039"]
[BlackElo "2243"]
[PlyCount "32"]
[EventDate "2007.02.27"]
[EventType "swiss"]
[EventRounds "9"]
[EventCountry "RUS"]
[SourceTitle "EXT 2010"]
[Source "ChessBase"]
[SourceDate "2010.11.25"]
[SourceVersion "1"]
[SourceVersionDate "2010.11.25"]
[SourceQuality "1"]

1. d4 d5 2. c4 e5 3. dxe5 d4 4. Nf3 Nc6 5. g3 Nge7 6. Bg2 Ng6 7. 0-0 Ngxe5 8. Nxe5 Nxe5 9. e3 d3 10. f4 Ng4 11. Be4 Bc5 12. Qxd3 Qxd3 13. Bxd3 0-0 14. Re1 Re8 15. h3 Nxe3 16. b4 Nc2+ 0-1